| 000 | 00505nam a2200181Ia 4500 | ||
|---|---|---|---|
| 003 | GCL | ||
| 008 | 140319s9999 xx 000 0 ara d | ||
| 040 |
_aGCL / _cGCL |
||
| 082 | 0 | 4 |
_a813.03 _bأ?أ |
| 100 | 1 | _aاحمد فتح | |
| 245 | 1 | 0 |
_aالله والشيطان (هديه من الآديب عبدالفتاح الجمل) / _cاحمد فتح |
| 300 | _a128 | ||
| 490 | _a | ||
| 650 | 0 | 4 | _aالادب العربى |
| 650 | 0 | 4 | _aالقصص العربية |
| 650 | 0 | 4 | _aالادب |
| 942 |
_2ddc _cBK |
||
| 999 |
_c40581 _d40581 |
||